| 000 | 00880nas a2200301 4500 | ||
|---|---|---|---|
| 001 | BR0700783 | ||
| 003 | BR-BrBNA | ||
| 005 | 20231205110549.0 | ||
| 007 | ta | ||
| 008 | 230509b bl.|||p| |||| 00| 00por d | ||
| 040 |
_aBR-BrBNA _bpor _cBiblioteca Nacional de Agricultura |
||
| 041 | _a(Pt) | ||
| 072 | _aL10 | ||
| 100 | 1 | _aFürst, R. | |
| 100 | 1 | _aCarvalho, G.R. | |
| 100 | 1 | _aFürst, M.C.O. | |
| 100 | 1 | _aRuas, J.R.M. | |
| 100 | 1 | _aBorges, A.M. | |
| 100 | 1 | _aMafilli, V. | |
| 245 | 1 | _aEfeito do resfriamento do sêmen eqüino sobre sua congelabilidade | |
| 650 | _aEQUINO | ||
| 650 | _aSÊMEN | ||
| 650 | _aRESFRIAMENTO | ||
| 650 | _aCONGELAMENTO | ||
| 773 | 0 |
_tArquivo Brasileiro de Medicina Veterinária e Zootecnia (Brazil) _xISSN 1678-4162 _g(Oct 2005), v. 57(5) p. 599-607 _wBR0700783 |
|
| 909 |
_a202311 _bLúcia _c55 _dLúcia Elande |
||
| 942 |
_2AGRIS _n0 _cANA |
||
| 999 |
_c187938 _d187938 |
||